|
|
|
|
| LEADER |
00000nam0a2200000 4500 |
| 001 |
45525 |
| 005 |
20231031023933.0 |
| 010 |
|
|
|a 5271006751
|
| 010 |
|
|
|a 5-17-000222-X
|
| 035 |
|
|
|a (RuTPU)RU\TPU\book\47391
|
| 090 |
|
|
|a 45525
|
| 100 |
|
|
|a 20021211d2000 d y0rusy50 ca
|
| 101 |
0 |
|
|a rus
|
| 102 |
|
|
|a RU
|
| 105 |
|
|
|a a f 001zy
|
| 200 |
1 |
|
|a Я познаю мир
|a Драгоценные камни и минералы
|e Детская энциклопедия
|f сост. Н. Орлова
|
| 210 |
|
|
|a Москва
|c Астрель
|d 2000
|c АСТ
|
| 215 |
|
|
|a 400 с.
|c ил.
|
| 320 |
|
|
|a Предм. имен. указ.: с. 371-395.
|
| 610 |
1 |
|
|a минералогия
|
| 610 |
1 |
|
|a минералы
|
| 610 |
1 |
|
|a драгоценные камни
|
| 610 |
1 |
|
|a драгоценные металлы
|
| 610 |
1 |
|
|a энциклопедии детские
|
| 675 |
|
|
|a 087:549(03)
|v 3
|
| 702 |
|
1 |
|a Орлова
|b Н.
|4 220
|
| 801 |
|
1 |
|a RU
|b 63413507
|c 20021211
|g PSBO
|
| 801 |
|
2 |
|a RU
|b 63413507
|c 20030121
|g PSBO
|
| 942 |
|
|
|c BK
|